[Event "Val Maubuee op"]
[Site "Val Maubuee"]
[Date "1990.??.??"]
[Round "?"]
[White "Grosar, Aljosa"]
[Black "Michalet, Guy"]
[Result "1-0"]
[WhiteElo "2345"]
[BlackElo "2210"]
[PlyCount "66"]
[EventDate "1990.??.??"]
[EventType "swiss"]
[EventRounds "9"]
[EventCountry "FRA"]
[SourceTitle "EXT 1997"]
[Source "ChessBase"]
[SourceDate "1996.11.15"]
[SourceVersion "1"]
[SourceVersionDate "1996.11.15"]
[SourceQuality "1"]

1. e4 c6 2. c4 e5 3. d4 Bb4+ 4. Bd2 Bxd2+ 5. Qxd2 d6 6. Nc3 Nf6 7. f4 0-0 8. Nf3 exd4 9. Qxd4 Qa5 10. 0-0-0 d5 11. e5 c5 12. Qd3 dxc4 13. Qd2 Ne8 14. Bxc4 Nc6 15. h4 Bg4 16. Ng5 Nd4 17. Nd5 Qd8 18. Ne3 Be6 19. Bxe6 fxe6 20. Qd3 g6 21. g3 Ng7 22. Ng4 Nh5 23. Ne4 Qa5 24. a3 Rad8 25. Ngf6+ Nxf6 26. Nxf6+ Kg7 27. h5 c4 28. Qe4 Nb3+ 29. Kb1 Rxd1+ 30. Rxd1 Nd2+ 31. Rxd2 Qxd2 32. Qxb7+ Rf7 33. h6+ Kf8 1-0

[Event "Cannes op"]
[Site "Cannes"]
[Date "1990.??.??"]
[Round "2"]
[White "Michalet, Guy"]
[Black "Foisor, Ovidiu Doru"]
[Result "1/2-1/2"]
[WhiteElo "2210"]
[BlackElo "2455"]
[PlyCount "52"]
[EventDate "1990.02.??"]
[EventType "swiss"]
[EventRounds "9"]
[EventCountry "FRA"]
[SourceTitle "EXT 1997"]
[Source "ChessBase"]
[SourceDate "1996.11.15"]
[SourceVersion "1"]
[SourceVersionDate "1996.11.15"]
[SourceQuality "1"]

1. d4 Nf6 2. c4 c5 3. d5 d6 4. Nc3 g6 5. e4 Bg7 6. Bd3 0-0 7. Nge2 e6 8. 0-0 exd5 9. cxd5 Na6 10. Bg5 Re8 11. h3 Bd7 12. a4 Rc8 13. Kh1 c4 14. Bc2 Nc5 15. Ng3 a6 16. a5 b5 17. axb6 Qxb6 18. Ra2 Bb5 19. Be3 Nfd7 20. f4 Qd8 21. Bd4 Bxd4 22. Qxd4 Qh4 23. Rf3 Nf6 24. Ra1 Nb3 25. Bxb3 cxb3 26. Qb4 Bd7 1/2-1/2

[Event "Toulouse op"]
[Site "Toulouse"]
[Date "1990.??.??"]
[Round "7"]
[White "Michalet, Guy"]
[Black "Haba, Petr"]
[Result "0-1"]
[WhiteElo "2210"]
[BlackElo "2435"]
[PlyCount "80"]
[EventDate "1990.??.??"]
[EventType "swiss"]
[EventRounds "9"]
[EventCountry "FRA"]
[SourceTitle "EXT 1997"]
[Source "ChessBase"]
[SourceDate "1996.11.15"]
[SourceVersion "1"]
[SourceVersionDate "1996.11.15"]
[SourceQuality "1"]

1. d4 e6 2. c4 f5 3. Nc3 Nf6 4. e3 b6 5. Bd3 Bb7 6. f3 Nh5 7. Qc2 Bb4 8. Qf2 0-0 9. Nge2 d6 10. Bd2 Nd7 11. 0-0-0 e5 12. a3 Bxc3 13. Bxc3 e4 14. Bc2 d5 15. f4 Nhf6 16. h3 dxc4 17. g4 Nd5 18. gxf5 N7f6 19. Rhg1 Qe7 20. Rg5 Rf7 21. Rdg1 a5 22. h4 b5 23. h5 b4 24. h6 bxc3 25. Rxg7+ Kh8 26. bxc3 Rxg7 27. Rxg7 Qxa3+ 28. Kd2 Qf8 29. Ba4 Bc8 30. Bc6 Rb8 31. Qh4 Ne7 32. Ng3 Rb2+ 33. Ke1 Nxf5 34. Nxf5 Qa3 35. Kf1 Qa1+ 36. Qe1 Rb1 37. Qxb1 Qxb1+ 38. Kf2 Bxf5 39. Rf7 Ng4+ 40. Kg3 Qe1+ 0-1